Archaeological reconnaissance in Campeche, Quintana Roo, and Peten (Record no. 10078)
[ view plain ]
| 000 -CABECERA | |
|---|---|
| campo de control de longitud fija | 01011nam a2200277 a 4500 |
| 001 - NÚMERO DE CONTROL | |
| campo de control | BRL_1266 |
| 005 - FECHA Y HORA DE LA ÚLTIMA TRANSACCIÓN | |
| campo de control | 20190320211123.0 |
| 008 - DATOS DE LONGITUD FIJA--INFORMACIÓN GENERAL | |
| campo de control de longitud fija | 091213c1943----u--abeo###---#000-0#eng-# |
| 041 ## - CÓDIGO DE LENGUA | |
| Código de lengua del texto/banda sonora o título independiente | eng |
| 044 ## - CÓDIGO DEL PAÍS DE LA ENTIDAD EDITORA/PRODUCTORA | |
| Código MARC del país | u |
| 050 #4 - SIGNATURA TOPOGRÁFICA DE LA BIBLIOTECA DEL CONGRESO | |
| Número de clasificación | F1435 |
| Número de documento/Ítem | .R87 1943 |
| 100 1# - ENTRADA PRINCIPAL--NOMBRE DE PERSONA | |
| Nombre de persona | Ruppert, Karl |
| Fechas asociadas al nombre | 1895-1960 |
| 9 (RLIN) | 26324 |
| 245 10 - MENCIÓN DE TÍTULO | |
| Título | Archaeological reconnaissance in Campeche, Quintana Roo, and Peten |
| Mención de responsabilidad, etc. | Karl Ruppert [and] John H. Denison. |
| 260 ## - PUBLICACIÓN, DISTRIBUCIÓN, ETC. | |
| Lugar de publicación, distribución, etc. | Washington, D.C. |
| Nombre del editor, distribuidor, etc. | Carnegie Institution of Washington |
| Fecha de publicación, distribución, etc. | 1943 |
| 300 ## - DESCRIPCIÓN FÍSICA | |
| Extensión | vii, 153 p. |
| Otras características físicas | il., 75 láminas, mapas, planos plegables |
| Dimensiones | 30 cm. |
| 440 #0 - MENCIÓN DE SERIE/PUNTO DE ACCESO ADICIONAL--TÍTULO | |
| Título | Carnegie Institution of Washington. Publication |
| Designación de volumen o secuencia | 543 |
| 9 (RLIN) | 26325 |
| 500 ## - NOTA GENERAL | |
| Nota general | Au1451 |
| 504 ## - NOTA DE BIBLIOGRAFÍA, ETC. | |
| Nota de bibliografía, etc. | Bibliografía: p. 155-156 |
| 650 14 - PUNTO DE ACCESO ADICIONAL DE MATERIA--TÉRMINO DE MATERIA | |
| Término de materia o nombre geográfico como elemento de entrada | Mayas |
| Subdivisión general | Antigüedades |
| 9 (RLIN) | 9555 |
| 651 #4 - PUNTO DE ACCESO ADICIONAL DE MATERIA--NOMBRE GEOGRÁFICO | |
| Nombre geográfico | Campeche (México : Estado) |
| Subdivisión general | Antigüedades |
| 9 (RLIN) | 26326 |
| 651 #4 - PUNTO DE ACCESO ADICIONAL DE MATERIA--NOMBRE GEOGRÁFICO | |
| Nombre geográfico | Quintana Roo (México : Estado) |
| Subdivisión general | Antigüedades |
| 9 (RLIN) | 26327 |
| 651 #4 - PUNTO DE ACCESO ADICIONAL DE MATERIA--NOMBRE GEOGRÁFICO | |
| Nombre geográfico | Petén (Guatemala) |
| Subdivisión general | Antigüedades |
| 9 (RLIN) | 26328 |
| 700 1# - PUNTO DE ACCESO ADICIONAL--NOMBRE DE PERSONA | |
| Nombre de persona | Denison, John H. |
| 9 (RLIN) | 26329 |
| 902 ## - CATALOGADOR | |
| Iniciales | GRL |
| 942 ## - ELEMENTOS DE PUNTO DE ACCESO ADICIONAL (KOHA) | |
| Fuente del sistema de clasificación o colocación | Library of Congress Classification |
| Tipo de ítem Koha | Libros |
| Estado de retiro | Estado de pérdida | Estado dañado | No para préstamo | Localización permanente | Ubicación/localización actual | Fecha de adquisición | Número de inventario | Total de préstamos | Signatura topográfica completa | Código de barras | Fecha visto por última vez | Precio válido a partir de | Tipo de ítem Koha |
|---|---|---|---|---|---|---|---|---|---|---|---|---|---|
| El ejemplar forma parte de la colección y puede ser consultado según las políticas vigentes. | Biblioteca Centro de Estudios Ruth D. Lechuga | Biblioteca Centro de Estudios Ruth D. Lechuga | 09/12/2013 | Au1451 | F1435 .R87 1943 (Au1451) | GRL01399 | 22/03/2019 | 22/03/2019 | Libros |